|
|
|
|
| LEADER |
00000nab a2200000 a 4500 |
| 001 |
vtls010098195 |
| 003 |
SK-MaSNL |
| 005 |
20260303080855.0 |
| 008 |
100521c1974 xo d n 0 slo |
| 015 |
|
|
|a SNBRB1974
|2 snkbucl
|
| 040 |
|
|
|a SNKBUCL
|b slo
|c SNKBUCL
|e AACR2
|
| 041 |
0 |
|
|a slo
|
| 044 |
|
|
|a xo
|c SK
|
| 080 |
|
|
|a 655.4/.5
|x (437.6)
|2 1997
|
| 100 |
1 |
|
|a Levický, Gabriel
|4 aut
|9 1083311
|
| 245 |
1 |
0 |
|a Regionálna literatúra (vo vydavateľstve Obzor)
|c Gabriel Levický
|
| 610 |
2 |
7 |
|a Obzor (vydavateľstvo : Bratislava, Slovensko)
|2 snkbucl
|9 57549
|
| 773 |
0 |
|
|t Nové slovo
|g Roč. 16, č. 18 (1974), s. 19
|
| 850 |
|
|
|a Slovenská národná knižnica v Martine
|a MTA001
|
| 852 |
|
|
|a SNK
|b KIS3GCP
|
| 958 |
|
|
|a SK
|
| 958 |
|
|
|a KL
|
| 999 |
|
|
|c 1782313
|d 1784243
|